| 000 | 00456nam a2200181Ia 4500 | ||
|---|---|---|---|
| 001 | 16043 | ||
| 005 | 20260306170240.0 | ||
| 008 | 260306t2016||||xx |||||||||||||| ||und|| | ||
| 041 | _aESP | ||
| 082 |
_a346.5285 _bT78 T. 2 2016 |
||
| 100 |
_aTrazegnies Granda, Fernando de _eAUT |
||
| 245 | 0 | _aLa responsabilidad extracontractual | |
| 260 | _c2016 | ||
| 300 |
_a621 páginas : _c24 cm. |
||
| 650 | _aGEN | ||
| 654 | _aCDE | ||
| 942 |
_cLIB _dJUS _fJUS _2ddc _n |
||
| 999 |
_c16043 _d16043 |
||